00613nam a22001934a 450000500170000000800410001701000140005802000260007203500130009803700150011104000180012608200140014410000190015824501190017726000420029627000380033830000230037665000200039920080729164931.0080416s2008 waua 001 0 eng  aENG-91485 c110.00a9788190741736 aEN-75018 bDBAD / PUB aDPLbEnglish  a346.54066 aMurugan, S.P.  aElements of company law:cby S.P. Murugan b(for B.Com., B. Com (CA)., B.B.A. , B.B.M., M.Com., M.B.A. students) / aDharmapuribAkshay Publicationsc2008 a27, Sundaram Street, bDharmapuri a144p.c20cm (pbk)  aCorporation law